| 000 | 00654nam a2200157 a 4500 | ||
|---|---|---|---|
| 001 | 000037801 | ||
| 005 | 20201002031120.0 | ||
| 008 | 130306s2007 dr 000 0 spa d | ||
| 040 |
_aDO-SdBNP _bspa _cBNPHU |
||
| 245 | 0 | 3 |
_aEl rastro de Miriam en el ir y venir de las mujeres inmigrantes / _cComposición y Diagramación Benedetta Belotti. |
| 260 |
_aSantiago, República Dominicana : _bCentro de Reflexión, Encuentro y Solidaridad (ONÉ RESPE), _c2007. |
||
| 300 |
_a48 p. ; _c23 cm. |
||
| 500 | _aIncluye notas al pie de las páginas | ||
| 700 | 1 |
_aBelotti, Benedetta _964249 |
|
| 710 | 1 |
_aCentro de Reflexión, Encuentro y Solidaridad (ONÉ RESPE) _935157 |
|
| 999 |
_c37291 _d37291 |
||